| 000 | 00788nam a2200229 a 4500 | ||
|---|---|---|---|
| 001 | 000046212 | ||
| 003 | OSt | ||
| 005 | 20221027122926.0 | ||
| 008 | 150706s1990 dr ac 000 0 spa d | ||
| 040 |
_aDO-SdBNP _bspa _cBNPHU |
||
| 082 |
_axxxx _bxxxx |
||
| 100 | 1 |
_aTaveras, Rafael _973924 |
|
| 245 | 1 | 0 |
_aAbril, la liberación efímera : _btestimonio y análisis / _cRafael Taveras ; presentación Celedonio Jiménez. |
| 260 |
_aSanto Domingo : _bEdiciones Bloque Socialista, _c1990. |
||
| 300 |
_a98 p. : _bil., retrs. ; _c21 cm. |
||
| 500 | _a25 aniversario de la Revolución de Abril, 1990 | ||
| 505 | 0 | _aAbril, la liberación efímera | |
| 590 | _aInventariado, 2020 / DG | ||
| 700 | 1 | 2 |
_aJiménez, Celedonio, _cpres. _974249 |
| 910 | _aInventariado, 2020 / DG | ||
| 942 |
_2ddc _cLF1 |
||
| 999 |
_c45701 _d45701 |
||